<?xml version="1.0" encoding="UTF-8"?>
<record
    xmlns:xsi="http://www.w3.org/2001/XMLSchema-instance"
    xsi:schemaLocation="http://www.loc.gov/MARC21/slim http://www.loc.gov/standards/marcxml/schema/MARC21slim.xsd"
    xmlns="http://www.loc.gov/MARC21/slim">

  <leader>00730nam a2200205 a 4500</leader>
  <controlfield tag="001">BRL_1789</controlfield>
  <controlfield tag="005">20190320211353.0</controlfield>
  <controlfield tag="008">300715s1936----ag-a######---#000-0#ger-#</controlfield>
  <datafield tag="041" ind1=" " ind2=" ">
    <subfield code="a">ger</subfield>
  </datafield>
  <datafield tag="050" ind1=" " ind2="4">
    <subfield code="a">HQ1</subfield>
    <subfield code="b">.W57 1936</subfield>
  </datafield>
  <datafield tag="245" ind1="1" ind2="0">
    <subfield code="a">Wissen und k&#xF6;nnen hochschule des praktischen lebens</subfield>
    <subfield code="c">Herausgegeben von der Wirtschaftlichen Vereinigung f&#xFC;r Neuzeitliche Lebenskunde und Rationelle Haushaltf&#xFC;hrung.</subfield>
  </datafield>
  <datafield tag="260" ind1=" " ind2=" ">
    <subfield code="a">Wien</subfield>
    <subfield code="b">Verlagsbuchhandlung Hutter</subfield>
    <subfield code="c">1936.</subfield>
  </datafield>
  <datafield tag="300" ind1=" " ind2=" ">
    <subfield code="a">1111 p.</subfield>
    <subfield code="b">il.</subfield>
    <subfield code="c">25 cm.</subfield>
  </datafield>
  <datafield tag="500" ind1=" " ind2=" ">
    <subfield code="a">Au1965</subfield>
  </datafield>
  <datafield tag="650" ind1="1" ind2="4">
    <subfield code="a">Vida cotidiana</subfield>
    <subfield code="v">Guias</subfield>
    <subfield code="9">27883</subfield>
  </datafield>
  <datafield tag="710" ind1="2" ind2=" ">
    <subfield code="a">Wirtschaftlichen Vereinigung f&#xFC;r Neuzeitliche Lebenskunde</subfield>
    <subfield code="9">27884</subfield>
  </datafield>
  <datafield tag="710" ind1="2" ind2=" ">
    <subfield code="a">Rationelle Haushaltf&#xFC;hrung</subfield>
    <subfield code="9">27885</subfield>
  </datafield>
  <datafield tag="902" ind1=" " ind2=" ">
    <subfield code="a">GRL</subfield>
  </datafield>
  <datafield tag="942" ind1=" " ind2=" ">
    <subfield code="2">lcc</subfield>
    <subfield code="c">B</subfield>
  </datafield>
  <datafield tag="999" ind1=" " ind2=" ">
    <subfield code="c">10597</subfield>
    <subfield code="d">10597</subfield>
  </datafield>
  <datafield tag="952" ind1=" " ind2=" ">
    <subfield code="0">0</subfield>
    <subfield code="1">0</subfield>
    <subfield code="4">0</subfield>
    <subfield code="7">0</subfield>
    <subfield code="a">BRL</subfield>
    <subfield code="b">BRL</subfield>
    <subfield code="d">2015-07-30</subfield>
    <subfield code="i">Au1965</subfield>
    <subfield code="l">0</subfield>
    <subfield code="o">HQ1 .W57 1936 (Au1965)</subfield>
    <subfield code="p">GRL01959</subfield>
    <subfield code="r">2019-03-22 00:00:00</subfield>
    <subfield code="w">2019-03-22</subfield>
    <subfield code="y">B</subfield>
  </datafield>
</record>
